[Event "VIII Torneo Banco di Roma B"]
[Site "Roma ITA"]
[Date "1984.02.??"]
[Round "1"]
[White "Cocozza, Mario"]
[Black "Arlandi, Ennio"]
[WhiteElo "2285"]
[BlackElo "2315"]
[Result "1-0"]
[PlyCount "71"]
[EventDate "1984.02.18"]

1. e4 e5 2. Nf3 Nf6 3. Nxe5 d6 4. Nf3 Nxe4 5. Nc3 Nxc3 6. dxc3 Be7 7. Be3 O-O
8. Qd2 Nc6 9. O-O-O Ne5 10. Nd4 Re8 11. h3 a6 12. f4 Nd7 13. g4 Nc5 14. Bg2 Bh4
15. Rhf1 Ne4 16. Qd3 Qe7 17. Bg1 Bd7 18. Nf3 Bg3 19. Nd4 Bh4 20. Nf3 Bg3 21.
Nd2 Nxd2 22. Rxd2 Qh4 23. Bxb7 Rab8 24. Bd5 Qxh3 25. Rg2 Bxf4+ 26. Rxf4 Re1+
27. Kd2 Qxd3+ 28. cxd3 Re5 29. Bxf7+ Kh8 30. Bb3 g5 31. Rf7 Be6 32. Rxc7 Bxb3
33. axb3 Rxb3 34. Kc2 Reb5 35. Bd4+ Kg8 36. c4 1-0

[Event "VIII Torneo Banco di Roma B"]
[Site "Roma ITA"]
[Date "1984.02.??"]
[Round "1"]
[White "Gomez Esteban, Juan Mario"]
[Black "Gross, Stefan"]
[WhiteElo "2430"]
[BlackElo "2410"]
[Result "0-1"]
[PlyCount "69"]
[EventDate "1984.02.18"]

1. d4 Nf6 2. c4 g6 3. f3 d5 4. cxd5 Nxd5 5. e4 Nb6 6. Be3 Bg7 7. Nc3 Nc6 8. d5
Ne5 9. Bd4 O-O 10. f4 Ng4 11. Bxg7 Kxg7 12. Nf3 e6 13. Qd4+ Qf6 14. e5 Qd8 15.
d6 Bd7 16. h3 Nh6 17. g4 Bc6 18. Be2 Nd5 19. O-O cxd6 20. exd6+ f6 21. Nxd5
Bxd5 22. Rad1 Qxd6 23. Bc4 Rad8 24. Bxd5 exd5 25. Rfe1 Rd7 26. Kg2 Rc8 27. Re2
Nf7 28. b3 Qc5 29. Qd2 Qc3 30. Nd4 Nd8 31. Qxc3 Rxc3 32. Red2 Nc6 33. Nf3 Nb4
34. a3 Nc2 35. Kf2 $138 0-1

[Event "VIII Torneo Banco di Roma B"]
[Site "Roma ITA"]
[Date "1984.02.??"]
[Round "2"]
[White "Arlandi, Ennio"]
[Black "Skembris, Spyridon"]
[WhiteElo "2315"]
[BlackElo "2385"]
[Result "1/2-1/2"]
[PlyCount "70"]
[EventDate "1984.02.18"]

1. d4 c5 2. d5 e5 3. c4 d6 4. e4 Be7 5. Nf3 Nf6 6. Nc3 Nbd7 7. Bd3 Nf8 8. a3
Ng6 9. b4 O-O 10. O-O b6 11. Rb1 Nh5 12. Re1 Nhf4 13. Bf1 Bg4 14. h3 Bd7 15.
Kh2 f5 16. g3 fxe4 17. Nxe4 Nh5 18. Nfg5 Nf6 19. Nxf6+ Rxf6 20. Qh5 Nf8 21. f4
Rf5 22. Bd3 Bxg5 23. fxg5 Rf2+ 24. Kg1 g6 25. Qh4 Rf7 26. g4 a5 27. b5 Qe7 28.
Qg3 Re8 29. Be4 Bc8 30. Be3 Nd7 31. Rf1 Ref8 32. Rxf7 Qxf7 33. a4 Kg7 34. Kg2
Qe7 35. Rh1 Rf7 1/2-1/2

[Event "VIII Torneo Banco di Roma B"]
[Site "Roma ITA"]
[Date "1984.02.??"]
[Round "2"]
[White "Gross, Stefan"]
[Black "Cocozza, Mario"]
[WhiteElo "2410"]
[BlackElo "2285"]
[Result "0-1"]
[PlyCount "114"]
[EventDate "1984.02.18"]

1. c4 e5 2. Nf3 Nc6 3. d4 exd4 4. Nxd4 Nf6 5. Nxc6 bxc6 6. g3 Bb4+ 7. Nd2 a5 8.
Bg2 Ba6 9. O-O O-O 10. Qc2 d5 11. Nf3 Re8 12. Bf4 Bxc4 13. Ne5 Bb5 14. a4 Bd6
15. axb5 Bxe5 16. Bxe5 Rxe5 17. bxc6 Qe8 18. e3 Re6 19. Rfc1 Ra6 20. Qa4 Rexc6
21. Rxc6 Qxc6 22. Qxc6 Rxc6 23. b4 a4 24. Rxa4 Rc1+ 25. Bf1 Kf8 26. b5 Ne4 27.
Rd4 Nc3 28. Rd2 Ke7 29. Kg2 Ke6 30. Bd3 Rd1 31. Rxd1 Nxd1 32. Kf3 h6 33. Ke2
Nb2 34. Kd2 Kd6 35. Be2 Kc5 36. Kc3 Nc4 37. e4 d4+ 38. Kd3 Nd6 39. e5 Nxb5 40.
Bh5 g6 41. e6 fxe6 42. Bxg6 Nd6 43. f4 Kd5 44. g4 e5 45. g5 e4+ 46. Kc2 hxg5
47. fxg5 Ke5 48. Bh5 Kf5 49. h4 c5 50. Be2 c4 51. Bf1 Kg6 52. Kd2 c3+ 53. Kc2
Nf5 54. Bb5 Nxh4 55. Bc6 e3 56. Kd3 Kxg5 57. Ba4 Ng6 0-1

[Event "VIII Torneo Banco di Roma B"]
[Site "Roma ITA"]
[Date "1984.02.??"]
[Round "2"]
[White "Rigo, Janos"]
[Black "Gomez Esteban, Juan Mario"]
[WhiteElo "2370"]
[BlackElo "2430"]
[Result "1/2-1/2"]
[PlyCount "98"]
[EventDate "1984.02.18"]

1. e4 e5 2. Nf3 Nc6 3. Nc3 Nf6 4. d4 exd4 5. Nxd4 Bb4 6. Nxc6 bxc6 7. Bd3 d5 8.
exd5 cxd5 9. O-O O-O 10. Bg5 c6 11. Ne2 Bg4 12. c3 Bd6 13. Qa4 Bd7 14. Qh4 h6
15. Bxf6 Qxf6 16. Qxf6 gxf6 17. Ng3 Rfe8 18. Nh5 Be7 19. Rae1 Kf8 20. h3 Bd8
21. Rxe8+ Kxe8 22. Re1+ Kf8 23. Re3 Rb8 24. b4 d4 25. Re4 dxc3 26. Rc4 Be7 27.
a3 a5 28. bxa5 Rb5 29. g4 Rxa5 30. Rxc3 Rxa3 31. Rxa3 Bxa3 32. Nxf6 Be6 33. f4
Bb2 34. Ne4 Bd4+ 35. Kf1 Be3 36. f5 Bb3 37. Ke2 Bd4 38. Nd2 Bd5 39. Be4 Ke7 40.
Kd3 Bf6 41. Bxd5 cxd5 42. Nf3 Kd6 43. h4 Ke7 44. g5 hxg5 45. hxg5 Bxg5 46. Nxg5
Kf6 47. Nxf7 Kxf7 48. Kd4 Kf6 49. Kxd5 Kxf5 1/2-1/2

[Event "VIII Torneo Banco di Roma B"]
[Site "Roma ITA"]
[Date "1984.02.??"]
[Round "3"]
[White "Andruet, Gilles"]
[Black "Arlandi, Ennio"]
[WhiteElo "2420"]
[BlackElo "2315"]
[Result "1/2-1/2"]
[PlyCount "114"]
[EventDate "1984.02.18"]

1. d4 Nf6 2. c4 e6 3. Nf3 d5 4. Bg5 Be7 5. Nc3 O-O 6. e3 Nbd7 7. Qc2 h6 8. Bh4
c5 9. dxc5 Nxc5 10. Rd1 Qa5 11. Nd2 Rd8 12. a3 dxc4 13. Bxc4 Ncd7 14. O-O b6
15. Nb3 Qh5 16. Bg3 Bb7 17. Be2 Qg5 18. h4 Qf5 19. Bd3 Qg4 20. Be2 Qf5 21. Qxf5
exf5 22. Nd4 g6 23. h5 Nc5 24. Bc7 Rdc8 25. Bf4 Kh7 26. hxg6+ fxg6 27. Ndb5 Rd8
28. b4 Nce4 29. Nxe4 Bxe4 30. Rxd8 Bxd8 31. Nd6 Bd5 32. Rd1 a5 33. b5 Ra7 34.
Be5 Bb3 35. Rd3 Be6 36. Nxf5 Nd7 37. Ng3 h5 38. Bd6 h4 39. Ne4 Bf5 40. Rd4 g5
41. Bd3 Kg6 42. f4 gxf4 43. Bxf4 Be7 44. Bd6 Bd8 45. Nd2 Bg5 46. Bxf5+ Kxf5 47.
Bf4 Be7 48. Nc4 Ke6 49. Bd6 Bf6 50. Rg4 Ra8 51. Bc7 Rc8 52. Bxb6 Kd5 53. Nxa5
Nxb6 54. Nc6 Ra8 55. e4+ Ke6 56. e5 Kf5 57. Rb4 Bxe5 1/2-1/2

[Event "VIII Torneo Banco di Roma B"]
[Site "Roma ITA"]
[Date "1984.02.??"]
[Round "3"]
[White "Cocozza, Mario"]
[Black "Rigo, Janos"]
[WhiteElo "2285"]
[BlackElo "2370"]
[Result "0-1"]
[PlyCount "63"]
[EventDate "1984.02.18"]

1. e4 c5 2. Nf3 d6 3. d4 cxd4 4. Nxd4 Nf6 5. Nc3 g6 6. g3 Bg4 7. f3 Bd7 8. Be3
Bg7 9. Qd2 Nc6 10. g4 h5 11. g5 Nh7 12. Bc4 Nxg5 13. O-O-O Bxd4 14. Bxd4 Nxd4
15. Qxd4 Rf8 16. f4 Ne6 17. Qe3 Qc7 18. Bb3 Qc5 19. Qg3 Nd4 20. Kb1 a5 21. Nd5
a4 22. Qg5 f6 23. Qxg6+ Kd8 24. Rxd4 axb3 25. Rd2 Rxa2 26. cxb3 Qa5 27. Qg7 Re8
28. Qg2 Be6 29. Kc2 Kd7 30. Rd4 f5 31. Rhd1 Rc8+ 32. Kd3 $138 0-1

[Event "VIII Torneo Banco di Roma B"]
[Site "Roma ITA"]
[Date "1984.02.??"]
[Round "3"]
[White "Gomez Esteban, Juan Mario"]
[Black "Tassi, Oliviero"]
[WhiteElo "2430"]
[BlackElo "2270"]
[Result "1/2-1/2"]
[PlyCount "65"]
[EventDate "1984.02.18"]

1. d4 Nf6 2. c4 c5 3. d5 e6 4. Nc3 exd5 5. cxd5 d6 6. e4 g6 7. f3 Bg7 8. Bg5 h6
9. Be3 Nbd7 10. Nh3 a6 11. a4 Ne5 12. Nf2 Qe7 13. Be2 g5 14. O-O Bd7 15. a5 O-O
16. Na4 Bb5 17. Nb6 Rad8 18. b4 Bxe2 19. Qxe2 cxb4 20. Rab1 Nh5 21. g4 Nf4 22.
Bxf4 gxf4 23. Rxb4 h5 24. gxh5 f5 25. Kh1 Qh4 26. Nd3 Nxd3 27. Qxd3 Qxh5 28.
Rg1 Kh8 29. Rc4 fxe4 30. Rxe4 Rf5 31. Re6 Bf6 32. Rg4 Qh3 33. Qxf5 1/2-1/2

[Event "VIII Torneo Banco di Roma B"]
[Site "Roma ITA"]
[Date "1984.02.??"]
[Round "3"]
[White "Skembris, Spyridon"]
[Black "Gross, Stefan"]
[WhiteElo "2385"]
[BlackElo "2410"]
[Result "0-1"]
[PlyCount "62"]
[EventDate "1984.02.18"]

1. d4 Nf6 2. c4 g6 3. Nc3 d5 4. Nf3 Bg7 5. Bg5 dxc4 6. e3 Be6 7. Ne5 Nd5 8.
Nxc4 c5 9. Qa4+ Nc6 10. Ne5 O-O 11. Nxc6 bxc6 12. Nxd5 Qxd5 13. Bxe7 cxd4 14.
Bxf8 dxe3 15. fxe3 Rxf8 16. Rd1 Qe5 17. Qxa7 Qxb2 18. Be2 Bd5 19. Kf2 Bc4 20.
Rhe1 Bc3 21. a4 Bxe1+ 22. Rxe1 Rd8 23. Qc5 Qf6+ 24. Kg3 Bxe2 25. Rxe2 Rd5 26.
Qb4 Rg5+ 27. Kh3 h5 28. Qb8+ Kh7 29. Qc8 Rg4 30. g3 Qf3 31. Ra2 g5 0-1

[Event "VIII Torneo Banco di Roma B"]
[Site "Roma ITA"]
[Date "1984.02.??"]
[Round "4"]
[White "Gomez Esteban, Juan Mario"]
[Black "Cocozza, Mario"]
[WhiteElo "2430"]
[BlackElo "2285"]
[Result "1/2-1/2"]
[PlyCount "81"]
[EventDate "1984.02.18"]

1. d4 Nf6 2. c4 g6 3. g3 Bg7 4. Bg2 d5 5. cxd5 Nxd5 6. e4 Nb6 7. Ne2 O-O 8.
Nbc3 Nc6 9. d5 Na5 10. O-O c6 11. b3 cxd5 12. exd5 e6 13. Ba3 Re8 14. d6 Bd7
15. Rc1 Bc6 16. Ne4 Bd5 17. N2c3 a6 18. Bc5 Bxe4 19. Bxe4 Nd7 20. Be3 Rc8 21.
Qd2 Nc6 22. Na4 e5 23. Rfd1 Bf8 24. Bg5 f6 25. Be3 Kh8 26. Qd5 f5 27. Bg2 Qf6
28. Qd2 Re6 29. Bxc6 Rxc6 30. Rxc6 bxc6 31. Bg5 Qf7 32. Qb4 h6 33. Be3 Qf6 34.
Qb7 Rxd6 35. Rc1 f4 36. Ba7 e4 37. Qxa6 e3 38. fxe3 f3 39. Rf1 Ne5 40. Bd4 Bg7
41. Qc8+ 1/2-1/2

[Event "VIII Torneo Banco di Roma B"]
[Site "Roma ITA"]
[Date "1984.02.??"]
[Round "4"]
[White "Gross, Stefan"]
[Black "Andruet, Gilles"]
[WhiteElo "2410"]
[BlackElo "2420"]
[Result "0-1"]
[PlyCount "88"]
[EventDate "1984.02.18"]

1. Nf3 Nf6 2. c4 b6 3. g3 Bb7 4. Bg2 e6 5. b3 Be7 6. Bb2 O-O 7. O-O c5 8. Nc3
a6 9. d4 cxd4 10. Qxd4 d6 11. Rad1 Nbd7 12. e4 Qc7 13. Ba3 Nc5 14. e5 dxe5 15.
Qxe5 Rfc8 16. Qxc7 Rxc7 17. Ne5 Bxg2 18. Kxg2 Kf8 19. Bxc5 Bxc5 20. Rd3 Ke7 21.
Rfd1 Raa7 22. f4 Nd7 23. Ne4 Nxe5 24. fxe5 Ba3 25. Kf3 Bb2 26. Kf4 h6 27. h4 f6
28. exf6+ gxf6 29. Rd8 Be5+ 30. Kf3 f5 31. Nf2 b5 32. Rg8 bxc4 33. bxc4 Rxc4
34. Re1 Rc3+ 35. Kg2 Kf7 36. Rd8 Bxg3 37. h5 Bh4 38. Rd4 Bxf2 39. Kxf2 Rc2+ 40.
Kf3 Rxa2 41. Rd6 Re7 42. Red1 Rh2 43. Rd8 Rxh5 44. Rg1 Kf6 0-1

[Event "VIII Torneo Banco di Roma B"]
[Site "Roma ITA"]
[Date "1984.02.??"]
[Round "4"]
[White "Rigo, Janos"]
[Black "Skembris, Spyridon"]
[WhiteElo "2370"]
[BlackElo "2385"]
[Result "0-1"]
[PlyCount "112"]
[EventDate "1984.02.18"]

1. e4 c6 2. d4 d5 3. Nc3 dxe4 4. Nxe4 Nf6 5. Nxf6+ gxf6 6. Bc4 Bf5 7. Ne2 h5 8.
Nf4 h4 9. c3 e6 10. Qe2 Bd6 11. d5 cxd5 12. Nxd5 Nd7 13. Bf4 Bxf4 14. Nxf4 Qc7
15. Nd5 Qe5 16. Qxe5 Nxe5 17. Bb5+ Kf8 18. Ne3 h3 19. f4 hxg2 20. Nxg2 Ng4 21.
h4 Be4 22. Bf1 Rd8 23. Rh3 Ke7 24. h5 f5 25. Rc1 Nf6 26. h6 Ng4 27. h7 Kf6 28.
c4 Kg7 29. Rcc3 Rxh7 30. Rxh7+ Kxh7 31. b4 Kg7 32. a4 a5 33. b5 b6 34. Nh4 Nf6
35. c5 bxc5 36. Rxc5 Rd4 37. Rc4 Rxc4 38. Bxc4 Nd7 39. Kd2 Nc5 40. Ke3 Nxa4 41.
Kd4 Nb6 42. Ba2 Nd7 43. Bb3 Kf6 44. Bd1 Ke7 45. Nf3 Bxf3 46. Bxf3 Kd6 47. Bh5
f6 48. Bg6 Nb6 49. Be8 e5+ 50. Kd3 Nd5 51. fxe5+ fxe5 52. Kc4 Nb6+ 53. Kd3 Kc5
54. Bg6 f4 55. Ke4 a4 56. Kxe5 a3 0-1

[Event "VIII Torneo Banco di Roma B"]
[Site "Roma ITA"]
[Date "1984.02.??"]
[Round "4"]
[White "Tassi, Oliviero"]
[Black "Passerotti, Pierluigi"]
[WhiteElo "2270"]
[BlackElo "2325"]
[Result "1-0"]
[PlyCount "27"]
[EventDate "1984.02.18"]

1. e4 c5 2. Nf3 Nc6 3. d4 cxd4 4. Nxd4 g6 5. Nc3 Bg7 6. Be3 Nf6 7. Nb3 O-O 8.
Be2 d6 9. O-O Be6 10. f4 Na5 11. Rf2 Rc8 12. f5 Rxc3 13. bxc3 Nxe4 14. fxe6 1-0

[Event "VIII Torneo Banco di Roma B"]
[Site "Roma ITA"]
[Date "1984.02.??"]
[Round "5"]
[White "Cocozza, Mario"]
[Black "Tassi, Oliviero"]
[WhiteElo "2285"]
[BlackElo "2270"]
[Result "1-0"]
[PlyCount "81"]
[EventDate "1984.02.18"]

1. e4 c5 2. Nf3 d6 3. d4 cxd4 4. Nxd4 Nf6 5. Nc3 a6 6. Be2 e5 7. Nb3 Be7 8. O-O
Be6 9. Be3 Nbd7 10. Qd2 Rc8 11. a4 Nb6 12. a5 Nc4 13. Bxc4 Rxc4 14. f3 O-O 15.
Nd5 Nxd5 16. exd5 Bf5 17. c3 Qd7 18. Qe2 Rfc8 19. Ra2 Ra4 20. Rfa1 Rcc4 21. Qd1
Rxa2 22. Rxa2 Rc8 23. Qe2 Bb1 24. Ra3 Qf5 25. Nd2 Bd3 26. Qf2 Qg6 27. Rb3 Bb5
28. c4 Rxc4 29. Rxb5 axb5 30. Nxc4 Qb1+ 31. Qf1 Qxf1+ 32. Kxf1 bxc4 33. Ke2 Bd8
34. Bd2 Kf8 35. Bb4 Ke7 36. Kd2 b5 37. Kc3 Kd7 38. b3 cxb3 39. Kxb3 Kc7 40. a6
Kb6 41. Ba5+ 1-0

[Event "VIII Torneo Banco di Roma B"]
[Site "Roma ITA"]
[Date "1984.02.??"]
[Round "5"]
[White "Passerotti, Pierluigi"]
[Black "Arlandi, Ennio"]
[WhiteElo "2325"]
[BlackElo "2315"]
[Result "1-0"]
[PlyCount "123"]
[EventDate "1984.02.18"]

1. e4 c5 2. c3 d5 3. exd5 Qxd5 4. d4 e6 5. Nf3 Nf6 6. Bd3 Be7 7. O-O O-O 8. c4
Qd7 9. dxc5 Rd8 10. Bc2 Qxd1 11. Rxd1 Rxd1+ 12. Bxd1 Bxc5 13. Nc3 Nc6 14. Bg5
b6 15. Bc2 Bb7 16. Rd1 Rd8 17. Rxd8+ Nxd8 18. a3 h6 19. Bf4 Bxf3 20. gxf3 Bd4
21. Bd2 Ne8 22. b4 Nd6 23. Bb3 Nc6 24. f4 Kf8 25. Kf1 Ke7 26. Ke2 Kd8 27. Be1
g5 28. Ba4 Ne7 29. Kd3 Nef5 30. fxg5 hxg5 31. h3 a6 32. Bc6 Kc7 33. Bh1 f6 34.
a4 Nf7 35. Ne2 Ne5+ 36. Kc2 Nd7 37. Be4 Be5 38. Bxf5 exf5 39. Ng3 f4 40. Ne4
Bd6 41. Bc3 Be7 42. f3 f5 43. Nd2 Kd6 44. Nb3 Ne5 45. Nd4 Nxc4 46. Nxf5+ Ke6
47. Nxe7 Kxe7 48. Kd3 Nd6 49. Bd4 Nc8 50. Bf2 Ke6 51. h4 gxh4 52. Bxh4 Nd6 53.
Bg5 Kf5 54. Be7 Nf7 55. Kd4 Ke6 56. Bh4 Ne5 57. Ke4 Nc4 58. Bf2 a5 59. b5 Nb2
60. Bxb6 Nxa4 61. Bxa5 Kd6 62. Kd4 1-0

[Event "VIII Torneo Banco di Roma B"]
[Site "Roma ITA"]
[Date "1984.02.??"]
[Round "5"]
[White "Skembris, Spyridon"]
[Black "Gomez Esteban, Juan Mario"]
[WhiteElo "2385"]
[BlackElo "2430"]
[Result "1-0"]
[PlyCount "91"]
[EventDate "1984.02.18"]

1. d4 Nf6 2. Nf3 e6 3. g3 b5 4. Bg2 Bb7 5. O-O c5 6. a4 b4 7. c4 cxd4 8. Nbd2
Na6 9. Nxd4 Bxg2 10. Kxg2 Nc5 11. N2b3 d5 12. Nxc5 Bxc5 13. Nb3 Be7 14. cxd5
Qxd5+ 15. Qxd5 Nxd5 16. e4 Nf6 17. f3 O-O 18. Be3 Rfd8 19. Rfd1 a6 20. Kf2 Ne8
21. Ke2 Bf6 22. Bd4 Bxd4 23. Rxd4 Rxd4 24. Nxd4 Rc8 25. Kd2 Rd8 26. Ke3 Rc8 27.
Kd3 Nd6 28. Re1 Nc4 29. Re2 Ne5+ 30. Ke3 Rc1 31. f4 Nc4+ 32. Kd3 Nb6 33. a5 Nd7
34. Nb3 Rc8 35. Rc2 Rd8 36. Ke3 Nf6 37. Rc6 h5 38. Rxa6 Rd1 39. Ra8+ Kh7 40. a6
Ng4+ 41. Ke2 Rb1 42. Kd3 Rxb2 43. Kc4 Rxh2 44. a7 Ra2 45. Kxb4 Nf2 46. Na5 1-0

[Event "VIII Torneo Banco di Roma B"]
[Site "Roma ITA"]
[Date "1984.02.??"]
[Round "6"]
[White "Cocozza, Mario"]
[Black "Skembris, Spyridon"]
[WhiteElo "2285"]
[BlackElo "2385"]
[Result "1-0"]
[PlyCount "53"]
[EventDate "1984.02.18"]

1. e4 c5 2. Nf3 e6 3. d4 cxd4 4. Nxd4 Nf6 5. Nc3 d6 6. f4 a6 7. Be2 Qc7 8. O-O
Bd7 9. Be3 Nc6 10. Qe1 Be7 11. Kh1 Nxd4 12. Bxd4 Bc6 13. Bd3 e5 14. fxe5 dxe5
15. Qg3 Bd6 16. Qxg7 O-O-O 17. Bg1 Nd7 18. Rxf7 h5 19. Qg3 Rdg8 20. Qh3 Kb8 21.
Nd5 Qd8 22. b4 Rg4 23. Qe3 Qg8 24. Rxd7 Bxd7 25. Qa7+ Kc8 26. Qa8+ Bb8 27. Ba7
1-0

[Event "VIII Torneo Banco di Roma B"]
[Site "Roma ITA"]
[Date "1984.02.??"]
[Round "6"]
[White "Tassi, Oliviero"]
[Black "Arlandi, Ennio"]
[WhiteElo "2270"]
[BlackElo "2315"]
[Result "1-0"]
[PlyCount "69"]
[EventDate "1984.02.18"]

1. e4 c5 2. Nf3 Nc6 3. d4 cxd4 4. Nxd4 Nf6 5. Nc3 d6 6. Bc4 Qb6 7. Nb3 e6 8.
O-O Be7 9. Be3 Qc7 10. f4 O-O 11. Bd3 a6 12. g4 Nb4 13. g5 Nd7 14. f5 Re8 15.
f6 Bf8 16. fxg7 Bxg7 17. Rxf7 Kxf7 18. Qh5+ Ke7 19. Qxh7 Ne5 20. Qxg7+ Kd8 21.
Qf6+ Qe7 22. Bb6+ Kd7 23. Be2 Qxf6 24. gxf6 Nxc2 25. Rd1 Kc6 26. Na4 Rg8+ 27.
Kh1 Nb4 28. Na5+ Kd7 29. Nc5+ Ke8 30. Bh5+ Ng6 31. Rxd6 Kf7 32. e5 Nd5 33. Ne4
Bd7 34. Rxd7+ Ke8 35. Rxb7 1-0

[Event "VIII Torneo Banco di Roma B"]
[Site "Roma ITA"]
[Date "1984.02.??"]
[Round "7"]
[White "Andruet, Gilles"]
[Black "Cocozza, Mario"]
[WhiteElo "2420"]
[BlackElo "2285"]
[Result "1-0"]
[PlyCount "81"]
[EventDate "1984.02.18"]

1. e4 c6 2. d4 d5 3. exd5 cxd5 4. Bd3 Nc6 5. c3 Nf6 6. Bf4 g6 7. Nf3 Bg7 8. O-O
O-O 9. Re1 Nh5 10. Be3 Qd6 11. Nbd2 Rb8 12. a4 f6 13. b4 e6 14. b5 Ne7 15. c4
Nf4 16. Bc2 g5 17. Qb1 Nfg6 18. h3 Bd7 19. Bd3 Rbc8 20. c5 Qb8 21. a5 e5 22.
Qb3 g4 23. hxg4 Bxg4 24. dxe5 fxe5 25. Bxg6 hxg6 26. Bg5 Rf7 27. Bxe7 Rxe7 28.
Qxd5+ Be6 29. Qd6 Qxd6 30. cxd6 Rd7 31. Ne4 Bf5 32. Nfg5 Kf8 33. Rac1 Rxc1 34.
Rxc1 Bh6 35. Rc7 Bxg5 36. Nxg5 Rxc7 37. dxc7 Ke7 38. b6 axb6 39. axb6 Kd7 40.
g4 Bxg4 41. Nf7 1-0

[Event "VIII Torneo Banco di Roma B"]
[Site "Roma ITA"]
[Date "1984.02.??"]
[Round "7"]
[White "Arlandi, Ennio"]
[Black "Gross, Stefan"]
[WhiteElo "2315"]
[BlackElo "2410"]
[Result "0-1"]
[PlyCount "94"]
[EventDate "1984.02.18"]

1. d4 Nf6 2. c4 g6 3. Nc3 Bg7 4. e4 O-O 5. f3 c5 6. d5 d6 7. Bg5 e6 8. Qd2 exd5
9. cxd5 Na6 10. Bd3 Rb8 11. Nge2 Nc7 12. a4 a6 13. a5 Bd7 14. O-O Bb5 15. Nxb5
axb5 16. b4 c4 17. Bc2 Re8 18. Nc3 Qd7 19. Be3 Re7 20. Bd4 Qe8 21. Rad1 Nd7 22.
Bxg7 Kxg7 23. f4 f6 24. Ne2 Rf7 25. Nd4 b6 26. axb6 Nxb6 27. f5 g5 28. Ne6+ Kg8
29. Ra1 Ra8 30. Qd4 Qb8 31. Bd1 Rxa1 32. Qxa1 Nd7 33. Bh5 Re7 34. Rf3 Ne5 35.
Ra3 Qb6+ 36. Kh1 Nxe6 37. fxe6 Nd3 38. h4 Qf2 39. Bf7+ Kg7 40. hxg5 Qh4+ 41.
Kg1 Qxg5 42. Ra8 Qe3+ 43. Kh2 Qf4+ 44. Kg1 Nc1 45. Rg8+ Kh6 46. Kh1 Qh4+ 47.
Kg1 Ne2+ 0-1

[Event "VIII Torneo Banco di Roma B"]
[Site "Roma ITA"]
[Date "1984.02.??"]
[Round "8"]
[White "Gomez Esteban, Juan Mario"]
[Black "Passerotti, Pierluigi"]
[WhiteElo "2430"]
[BlackElo "2325"]
[Result "1-0"]
[PlyCount "85"]
[EventDate "1984.02.18"]

1. d4 Nf6 2. c4 e6 3. Nf3 c5 4. d5 exd5 5. cxd5 b5 6. Bg5 d6 7. e4 a6 8. a4 Be7
9. Bxf6 Bxf6 10. Qc2 bxa4 11. Nbd2 Bd7 12. Nc4 Bb5 13. Bd3 h6 14. O-O O-O 15.
Rad1 Bxc4 16. Bxc4 Nd7 17. Ra1 Nb6 18. Rfb1 Re8 19. Bf1 Qe7 20. Re1 Qb7 21. g3
Rab8 22. Ra2 Re7 23. Bg2 Rbe8 24. Re3 g6 25. h4 h5 26. Kh2 Qd7 27. Bh3 Qb5 28.
b3 a3 29. Rxa3 a5 30. Qd2 Qb4 31. Rxa5 Qxd2 32. Nxd2 Bd4 33. Rf3 Rxe4 34. Nxe4
Rxe4 35. Ra7 f5 36. Bf1 Nxd5 37. Bc4 Re5 38. b4 Kf8 39. b5 Nb6 40. Bf7 Nc8 41.
b6 Nxb6 42. Bxg6 c4 43. Bxf5 1-0

[Event "VIII Torneo Banco di Roma B"]
[Site "Roma ITA"]
[Date "1984.02.??"]
[Round "8"]
[White "Rigo, Janos"]
[Black "Arlandi, Ennio"]
[WhiteElo "2370"]
[BlackElo "2315"]
[Result "1/2-1/2"]
[PlyCount "95"]
[EventDate "1984.02.18"]

1. e4 e5 2. Nf3 Nf6 3. d4 Nxe4 4. Nxe5 d6 5. Nf3 Be7 6. Bd3 d5 7. Nbd2 Nxd2 8.
Qxd2 Nc6 9. O-O Bg4 10. Ne5 Nxe5 11. dxe5 O-O 12. h3 Be6 13. f4 f5 14. exf6
Bc5+ 15. Kh1 Qxf6 16. f5 Bd7 17. Qg5 Rae8 18. Qxf6 Rxf6 19. Bg5 Rb6 20. f6 gxf6
21. Bxf6 Rf8 22. Be5 Rxf1+ 23. Rxf1 Bd6 24. Bc3 h6 25. a4 c5 26. b3 Bf8 27. a5
Rc6 28. Bh7+ Kxh7 29. Rf7+ Kg6 30. Rxd7 d4 31. Bd2 Rf6 32. Kg1 Rf7 33. Rd8 Bg7
34. g4 b5 35. Rd6+ Rf6 36. Rxf6+ Kxf6 37. a6 Ke5 38. Ba5 c4 39. bxc4 bxc4 40.
Kf1 Kd5 41. Bb6 Kc6 42. Bxa7 Kb5 43. Bc5 Kxa6 44. Ke2 Kb5 45. Be7 Kc6 46. Kf3
Kd5 47. h4 Ke5 48. Bd8 1/2-1/2

[Event "VIII Torneo Banco di Roma B"]
[Site "Roma ITA"]
[Date "1984.02.??"]
[Round "8"]
[White "Skembris, Spyridon"]
[Black "Andruet, Gilles"]
[WhiteElo "2385"]
[BlackElo "2420"]
[Result "1-0"]
[PlyCount "51"]
[EventDate "1984.02.18"]

1. d4 Nf6 2. Nf3 e6 3. g3 b6 4. Bg2 Bb7 5. O-O Be7 6. c4 O-O 7. Nc3 Ne4 8. Qc2
Nxc3 9. Qxc3 f5 10. b3 Bf6 11. Bb2 d6 12. Rad1 a5 13. Qd2 Na6 14. a3 Qe7 15. b4
axb4 16. axb4 c5 17. dxc5 Bxb2 18. c6 Bxc6 19. Qxb2 b5 20. cxb5 Bxb5 21. Nd4
Rab8 22. Nxe6 Rfc8 23. Nd4 Qf6 24. Qa2+ Bc4 25. Bd5+ Bxd5 26. Qxd5+ 1-0

[Event "VIII Torneo Banco di Roma B"]
[Site "Roma ITA"]
[Date "1984.02.??"]
[Round "8"]
[White "Tassi, Oliviero"]
[Black "Gross, Stefan"]
[WhiteElo "2270"]
[BlackElo "2410"]
[Result "0-1"]
[PlyCount "86"]
[EventDate "1984.02.18"]

1. e4 c5 2. Nf3 d6 3. d4 cxd4 4. Nxd4 Nf6 5. Nc3 e6 6. Bc4 Be7 7. Bb3 Na6 8.
O-O Nc5 9. f3 a6 10. Qe2 Qb6 11. Be3 Qc7 12. Qf2 b5 13. Rfc1 O-O 14. a4 bxa4
15. Nxa4 Bd7 16. e5 dxe5 17. Nxc5 Bxc5 18. Nxe6 Bxe6 19. Bxc5 Rfe8 20. Bxe6
Rxe6 21. Rd1 Rae8 22. b4 e4 23. Ra3 exf3 24. Qxf3 Ne4 25. Ra5 Rh6 26. g3 Ng5
27. Qg2 Rhe6 28. Bf2 Qxc2 29. Rda1 Ne4 30. Rxa6 Rxa6 31. Rxa6 Qb1+ 32. Qf1 Qxb4
33. Ra7 Qb3 34. Qe2 h6 35. Kg2 Qd5 36. Qf3 Re5 37. g4 f5 38. h3 Qd2 39. gxf5
Nxf2 40. Qa8+ Kh7 41. Ra2 Qg5+ 42. Kxf2 Re3 43. Qg2 Qf4+ 0-1

[Event "VIII Torneo Banco di Roma B"]
[Site "Roma ITA"]
[Date "1984.02.??"]
[Round "9"]
[White "Andruet, Gilles"]
[Black "Tassi, Oliviero"]
[WhiteElo "2420"]
[BlackElo "2270"]
[Result "1-0"]
[PlyCount "59"]
[EventDate "1984.02.18"]

1. e4 c5 2. Nc3 d6 3. Nge2 Nf6 4. g3 Nc6 5. Bg2 e5 6. d3 Be7 7. O-O h5 8. f4 g6
9. Nd5 h4 10. Nec3 hxg3 11. hxg3 Nd4 12. fxe5 Ng4 13. exd6 Bxd6 14. Bf4 g5 15.
Bxd6 Qxd6 16. e5 Nxe5 17. Nf6+ Kd8 18. Nce4 Qf8 19. c3 Nf5 20. Rxf5 Bxf5 21. d4
Nc6 22. dxc5+ Kc7 23. Nd5+ Kb8 24. Nd6 Bc8 25. b4 Qh6 26. Nxc8 Rxc8 27. b5 Ne5
28. c6 Qd6 29. cxb7 Kxb7 30. Nb6+ 1-0

[Event "VIII Torneo Banco di Roma B"]
[Site "Roma ITA"]
[Date "1984.02.??"]
[Round "9"]
[White "Arlandi, Ennio"]
[Black "Gomez Esteban, Juan Mario"]
[WhiteElo "2315"]
[BlackElo "2430"]
[Result "1-0"]
[PlyCount "49"]
[EventDate "1984.02.18"]

1. d4 Nf6 2. c4 e6 3. Nc3 Bb4 4. Qc2 c5 5. dxc5 O-O 6. a3 Bxc5 7. Nf3 Nc6 8.
Bf4 d5 9. e3 Qa5 10. Rd1 Be7 11. Nd2 e5 12. Bg3 d4 13. Nb3 Qb6 14. c5 Qd8 15.
exd4 Nxd4 16. Nxd4 exd4 17. Nb5 Bd7 18. Rxd4 Re8 19. Kd1 Ne4 20. Bc7 Qc8 21.
Rxe4 Bf5 22. Bd3 Bxe4 23. Bxe4 a6 24. Bxh7+ Kf8 25. Bf5 1-0

[Event "VIII Torneo Banco di Roma B"]
[Site "Roma ITA"]
[Date "1984.02.??"]
[Round "9"]
[White "Gross, Stefan"]
[Black "Rigo, Janos"]
[WhiteElo "2410"]
[BlackElo "2370"]
[Result "1-0"]
[PlyCount "79"]
[EventDate "1984.02.18"]

1. g3 Nf6 2. c4 e6 3. Bg2 d5 4. Nf3 Be7 5. O-O O-O 6. b3 c5 7. Bb2 Nc6 8. cxd5
Nxd5 9. Nc3 Bf6 10. Qc1 b6 11. Nxd5 exd5 12. d4 Nxd4 13. Nxd4 cxd4 14. Qd2 Ba6
15. Rfe1 Re8 16. Bxd4 Bxd4 17. Qxd4 Rxe2 18. Bxd5 Rc8 19. Rxe2 Bxe2 20. Qe5 Qe8
21. Qf5 Ba6 22. Rd1 Rc7 23. Kg2 Bc8 24. Qf4 Re7 25. Qf3 Be6 26. Bxe6 Rxe6 27.
Rc1 h6 28. h4 g6 29. h5 g5 30. Qd5 Kf8 31. Rc7 a5 32. Rd7 Kg7 33. Qd4+ Kh7 34.
Rd8 Qc6+ 35. Kh2 Rf6 36. Rb8 Kg7 37. a3 Kh7 38. b4 Kg7 39. bxa5 bxa5 40. a4
$138 1-0